Con el credo en la boca (Record no. 162146)

MARC details
000 -LEADER
campo de control de longitud fija 00953nam a22001935i 4500
001 - NÚMERO DE CONTROL
campo de control 162146
003 - IDENTIFICADOR DE NÚMERO DE CONTROL
campo de control ES-MaACL
005 - FECHA Y HORA DE LA ÚLTIMA TRANSACCIÓN
campo de control 20250930063142.0
008 - DATOS DE LONGITUD FIJA--INFORMACIÓN GENERAL
campo de control de longitud fija 020429s1876 sp |||| | spa d
040 ## - FUENTE DE CATALOGACIÓN
Centro catalogador/agencia de origen CAM
Lengua de catalogación spa
Centro/agencia transcriptor CAM
100 0# - ENTRADA PRINCIPAL--NOMBRE DE PERSONA
Nombre de persona Pina, Mariano,
Fechas asociadas al nombre 1820-1883
9 (RLIN) 92066
245 10 - MENCIÓN DEL TÍTULO
Título Con el credo en la boca
Resto del título : comedia en dos actos /
Mención de responsabilidad, etc. por Mariano Pina.
260 ## - PUBLICACIÓN, DISTRIBUCIÓN, ETC.
Lugar de publicación, distribución, etc. Madrid :
Nombre del editor, distribuidor, etc. [Administración Lírico-dramática],
Fecha de publicación, distribución, etc. 1876 (
Fabricante Imprenta de José Rodriguez)
300 ## - DESCRIPCIÓN FÍSICA
Extensión 55 p. ;
Dimensiones 2 cm.
500 #1 - NOTA GENERAL
Nota general En port.: Representada por primera vez en el teatro Español, el 4 de febrero de 1876.
596 #1 - NOTA AL PIE DE IMPRENTA
NOTA AL PIE DE IMPRENTA En verso de port. consta: "... de la Administración lírico-dramática de Eduardo Hidalgo ..."
852 ## - LOCALIZACIÓN
Ubicación ES-MaACL
Número de control de estantería D-2492(8)
Nota libre -- Enc. hol. conservando la cub. original
-- -- Ded. ms. del autor: "Al excelente actor Julian Romea, afectuoso recuerdo de su amigo. Mariano Pina"
-- -- Enc. en un vol. facticio
Holdings
Estatus retirado Estado de pérdida Estado de daño No para préstamo Colección Biblioteca de origen Biblioteca actual Ubicación en estantería Fecha de adquisición Total de préstamos Signatura topográfica completa Código de barras Visto por última vez Precio de reemplazo Tipo de ítem Koha
        Libros del s. XIX Biblioteca del Ateneo de Madrid Biblioteca del Ateneo de Madrid Sala Valle Inclán 17/01/2008   D-2492(8) 901169866 23/02/2023 23/02/2023 Libro impreso antiguo